000
00300nam a22001217a 4500
005
20251003114618.0
008
251003b |||||||| |||| 00| 0 eng d
040
_c
PK-LaNCA
082
_a
728.1
245
_a
Le Corbusier: architect of the twentieth century
650
_a
Architecture
942
_c
BK
999
_c
66799
_d
66799